000 00253nam a2200097Ia 4500
082 _aEF SPRU
245 0 _aTreating obesity
100 _a SONNEBORN, Liz New York, 2009 1st ed
_981695
942 _cBK
008 210817s9999 xx 000 0 und d
999 _c292325
_d292324